00760nam a22001815i 4500001000700000003000900007005001700016008004100033040002000074100003600094245006700130260009900197300002800296650004400324852006500368999001900433952012600452156875ES-MaACL20250718063328.0040805s1882 fr |||| | fre d aCAM bspa cCAM1 aLafon, Mary,d1812-1884912858310aHistoire littéraire du Midi de la France / cpar Mary Lafon. aParis : bC. Reinwald libraire-éditeur, c1882 (eToulouse : fimprimerie Douladoure-Privat) aXIII, 421 p. ; c22 cm. 4aLiteratura francesa-xHistoria.9222687 aES-MaACLjF-4029 z-- Enc. hol. conservando la cub. original c156875d156875 001040708LIBXIXaATENEOMbATENEOMcDEPO2d2008-01-17eSSCl0oF-4029p1164130r2023-02-23 00:00:00w2023-02-23yMONANT